Blízky východ: dopad vojen a humanitárnych kríz na ekonomiku štátov diplomová práca

Na minha lista:
Detalhes bibliográficos
Autor principal: Hofericová, Ela
Autor Corporativo: Fakulta medzinárodných vzťahov EU. Katedra medzinárodných ekonomických vzťahov a hospodárskej diplomacie
Outros Autores: Dziura, Boris, 1976-
Formato: Livro
Idioma:eslovaco
Publicado em: Bratislava 2025
Tags: Adicionar Tag
Sem tags, seja o primeiro a adicionar uma tag!

MARC

LEADER 00000nbm a2200000 4500
001 0309566
005 20260115125520.7
041 0 |a slo 
044 |a SK 
245 1 0 |a Blízky východ: dopad vojen a humanitárnych kríz na ekonomiku štátov  |b diplomová práca  |c Ela Hofericová ; školiteľ: Boris Dziura 
264 1 |a Bratislava  |c 2025 
300 |a 75 s. 
100 1 |a Hofericová, Ela 
700 1 |a Dziura, Boris, 1976- 
710 2 |a Fakulta medzinárodných vzťahov EU. Katedra medzinárodných ekonomických vzťahov a hospodárskej diplomacie